Di truyền Y học

Shranjeno v:
Bibliografske podrobnosti
Glavni avtor: Trần, Công Toại
Drugi avtorji: Vũ, Phi Yên
Format: Knjiga
Izdano: Hà Nội Hồng Đức 2013
Teme:
Oznake: Označite
Brez oznak, prvi označite!
Thư viện lưu trữ: Trung tâm Học liệu Lê Vũ Hùng, Trường Đại học Đồng Tháp
LEADER 00662pam a22002178a 4500
001 00043298
005 20181123141118.0
008 110318s1997 ||||||Viesd
041 0 # |a Vie 
082 1 4 |a 611  |b D300TR 
100 1 # |a Trần, Công Toại 
245 0 0 |a Di truyền Y học  |c Trần Công Toại; Vũ Phi Yên 
260 # # |a Hà Nội  |b Hồng Đức  |c 2013 
300 # # |a 223 tr.  |c 24 cm. 
653 # # |a Di truyền học 
653 # # |a Giáo trình 
653 # # |a y học 
700 1 # |a Vũ, Phi Yên 
852 # # |j KD.0025099 
910 0 # |d 23/11/2018 
980 # # |a Trung tâm Học liệu Lê Vũ Hùng, Trường Đại học Đồng Tháp